| 000 | 00635nam a2200253Ia 4500 | ||
|---|---|---|---|
| 005 | 20250425162749.0 | ||
| 008 | 250425s9999 xx 000 0 und d | ||
| 020 | _a08893365 | ||
| 041 | _aeng | ||
| 082 | _a339 | ||
| 100 | _aTHE UNIVERSITY, OF CHIICAGO | ||
| 245 | 0 | _aNBER MACROECONOMICS ANNUAL 2017 | |
| 250 | _a32 | ||
| 260 |
_aEstados Unidos _bTHE UNIVERSITY OF CHICAGO PRESS _c2017 |
||
| 260 | _aNEW YORK | ||
| 300 | _a554 | ||
| 500 | _aNO. 32 ANNUAL 2017 | ||
| 650 | _aECONOMIA | ||
| 650 | _aFINANZAS | ||
| 650 | _aMACROECONOMIA | ||
| 710 | _aTHE UNIVERSITY OF CHICAGO PRESS | ||
| 942 | _c01 | ||
| 010 | _a106442 | ||
| 999 |
_c235928 _d235928 |
||